000 004550000a22001690004500
003 LK-CoMWRAF
008 230817t ||||| |||| 00| 0 eng d
040 _aLK-CoMWRAF
_dLK-CoMWRAF
_eLK-CoMWRAF
041 _aeng
082 _a170
_bARA
245 _aArab Public Hearing on Legal Violence and Equality in the Family
_b
260 _aLebanon
_bArab Court
_c1998
300 _ap.101
650 _aMuslim Law
650 _aViolence Against women
942 _cBK
999 _c144
_d144